000 00863cab a2200253 4500
001 WB3326-36
008 090401t1997 xxu||||| |||| 00| 0 eng d
035 _a(Sirsi) u79388
041 _aeng
245 _aMore than homes for sale
260 _c1997
350 _a0
490 _aIndependent
_v2 July 1997, 2.1(1)
520 _aConsiders how estate agents could change the way they operate to improve the way they are viewed by consumers. "Estate Agents: how to improve their image" ,a report by Mintel, suggests changes to the system of commission. Report available for loan.
650 _aCOMMISSION
650 _aESTATE AGENTS
650 _aFINANCIAL SERVICES
650 _aIMAGE
650 _aMINTEL
650 _aPUBLIC RELATIONS
690 _aMANAGEMENT-BUSINESS MANAGEMENT-PROFESSIONAL PRACTICE
942 _n0
948 _c02/07/1997
999 _c49897
_d49897